Представление документа в формате RUSMARC

ПолеНазваниеЗначение
  Тип записи a
  Библиографический уровень a
001 Контрольный номер f5a83082ef3942f287cabc7fe61cefe4
005 Дата корректировки 20260421100936.4
100 Данные общей обработки __
a Данные общей обработки 20260421 ||| 0rusy0189 ca
101 Язык документа 0_
a Язык текста rus
102 Страна публикации __
a Страна публикации RU
200 Заглавие и сведения об ответственности 1_
a Заглавие Осьминожка для «дюймовочки»
e Сведения, относящиеся к заглавию [о важности активного участия семьи в выхаживании недоношенного ребёнка и внедрение семейно-ориентированной стратегии в работу медицинских учреждений]
f Первые сведения об ответственности Л. Полонская
461 Уровень набора _0
1 2000
a Будь здоров!
463 Уровень физической единицы _0
1 2000
a № 3
v С. 66-70 : фот.
1 2101
d 2026
1 001d8537e6f1b71483e9c9b4afe055373dc
517 Другие варианты заглавия 1_
a Другие варианты заглавия Осьминожка для дюймовочки
606 Тематические рубрики 0_
a Основная рубрика Социальная медицина и организация здравоохранения
606 Тематические рубрики 0_
a Основная рубрика Неонатология
610 Ключевые слова 0_
a Ключевые слова социальная медицина, неонатология, недоношенные дети, Право на чудо (благотворительный фонд), благотворительные фонды, Школа мам недоношенных детей, психологическая помощь родителям, проекты, семейно-ориентированные стратегии, открытая реанимация, Жизнь как чудо (фонд), вязаные игрушки, игрушки-осьминожки, вязаные вещи для младенцев
686 Индексы других классификаций __
a Классификационный индекс 51.1
686 Индексы других классификаций __
a Классификационный индекс 57.30
700 Автор _1
a Фамилия Полонская
b Имя (инициалы) Л.
g Полное личное имя Людмила
801 Источник записи _0
a Страна RU
b Организация УОБДЮ
c Дата составления 20260421
g Правила каталогизации RCR
801 Источник записи _1
a Страна RU
b Организация УОБДЮ
c Дата составления 20260421
g Правила каталогизации RCR
901 Тип документа __
t Тип документа b
w Контрольный № источника d8537e6f1b71483e9c9b4afe055373dc
905 Данные по созданию БЗ __
b Логин пользователя, который создал БЗ ibo3